=LDR 00000nam 2200000 4500 =001 INLIS000000000033628 =005 20130612135554 =008 ***********************************ind** =035 ##$$0010-061300000033628 =041 ##$$a ind =082 ##$$a 345 =090 ##$$a 345, Sap,a =100 ##$$a Saparjaya,Komariah Among =245 ##$$a Ajaran Sifat Melawan Hukum Material Dalam Hukum Pidana Indonesia, Studi Kasus Tentang Penerapan dan Perkembangan Yurisprudensi, Komariah Among Sapardjaja =260 ##$$a 2002 $b Bandung =300 ##$$a x,306 hlm., 21 cm =650 ##$$a Hukum Pdana =850 ##$$a NBPNMAT =990 ##$$a 0001/BPAP-NTB/2015